000 01204nam a2200301 c 4500
003 BLK
005 20190913121210.0
008 180911b bul|||||r ||||||| ||bul||
010 _a002473
040 _aBLK
041 _aBUL
080 _z882.09886.7.09
100 1 _a
_eпърви автор
245 1 0 _aСЪВЕТСКАТА литература в България 1918 - 1944
_nТ. 3
246 _aТ. 3
_bСЪВЕТСКАТА литература в България 1918 - 1944
_iСборник от материали, спомени и документи
260 _aСофия
_bБАН
_c1969 -
300 _a320 с
_c24 см
380 _a82
490 _aЧастна колекция - Академик Михаил Арнаудов
_gДарение - Основен фонд
505 _tСборник от материали, спомени и документи
650 _aКритика
655 _aбългарско литературознание
700 1 _aСтойко Божков
_eСъстав. и ред.
700 1 _a Стоян Стоименов
700 1 _a Христо Дудевски
852 _aМА 1377
942 _cKNG
_n0
944 _aCR
_c1996
_kValK
999 _c342813
_d342813